The one minute manager meets the monkey

Bibliographic Details
Main Author: Blanchard, Kenneth
Other Authors: Burrows, Hal, Oncken, William, Jr
Format: Book
Published: New York : Harper , 1989.
Edition:1st ed
Subjects:

MARC

LEADER 00000cam a2200000 7i4500
001 0000037276
005 20130909.0
008 130904
020 |a 9780688103804 
090 0 0 |a 658.4092   |b BLA 
100 1 |a Blanchard, Kenneth 
245 1 4 |a The one minute manager meets the monkey   |c Kenneth Blanchard, William Oncken, Jr. & Hal Burrows 
250 |a 1st ed 
260 |a New York :   |b Harper ,   |c 1989. 
650 0 |a Delegation of authority 
650 0 |a Executive   |x Time management 
650 0 |a Time management 
700 1 |a Burrows, Hal 
700 1 |a Oncken, William, Jr. 
999 |a 0001047724   |b Book   |c Adult Collection   |e Perbadanan Perpustakaan Awam Johor 
999 |a 0001047725   |b Book   |c Adult Collection   |e Cawangan Urban Transformation Centre 
999 |a 0001047726   |b Book   |c Adult Collection   |e Perbadanan Perpustakaan Awam Johor 
999 |a 0001047727   |b Book   |c Adult Collection   |e Perbadanan Perpustakaan Awam Johor